000 00369nam a22001457a 4500
003 NUST
020 _a9780199675128
082 _a410.3,MAT
100 _aMatthews, P.H.
_9122543
245 _aConcise Dictionary of Linguistics /
_cP.H. Matthews,
260 _aOxford
_bUK
_c2014
300 _a440 p
650 _aDictionary of Linguistics
_9122544
942 _2ddc
_cREF
999 _c609013
_d609013